000
00240 a2200109 4500
001
61522
082
_a
904.7 FAL
090
_c
37068
_d
37068
100
_a
Cyrill Falls
245
_a
Great Military Battles
_h
English
260
_b
Weiden feld
942
_a
CAE NUST
_k
904.7 FAL
999
_c
296595
_d
296595